000
00255nam a22001217a 4500
008
170921b xxu||||| |||| 00| 0 eng d
041
_a
eng
080
_a
7
100
_a
45
101
_a
ART
245
_a
ADVENTURE IN ART
_c
CHAPMAN,L.H
942
_2
udc
_c
BK
999
_c
28854
_d
28854